| 000 -LEADER |
| fixed length control field |
01257nam a2200361Ka 4500 |
| 020 ## - INTERNATIONAL STANDARD BOOK NUMBER |
| ISBN |
156234269X |
| 020 ## - INTERNATIONAL STANDARD BOOK NUMBER |
| ISBN |
9781562342692 |
| 020 ## - INTERNATIONAL STANDARD BOOK NUMBER |
| ISBN |
1562342703 |
| 020 ## - INTERNATIONAL STANDARD BOOK NUMBER |
| ISBN |
9781562342708 |
| 020 ## - INTERNATIONAL STANDARD BOOK NUMBER |
| ISBN |
1562342711 |
| 020 ## - INTERNATIONAL STANDARD BOOK NUMBER |
| ISBN |
9781562342715 |
| 020 ## - INTERNATIONAL STANDARD BOOK NUMBER |
| ISBN |
1562342665 |
| 020 ## - INTERNATIONAL STANDARD BOOK NUMBER |
| ISBN |
9781562342661 |
| 040 ## - CATALOGING SOURCE |
| Transcribing agency |
CMI |
| 082 0# - DEWEY DECIMAL CLASSIFICATION NUMBER |
| Classification number |
372 GRE 1998 A065 Or. |
| 245 00 - TITLE STATEMENT |
| Title |
Literature : |
| Remainder of title |
[skill-based reproducible activities] / |
| 246 30 - VARYING FORM OF TITLE |
| Title proper/short title |
Literature |
| 246 3# - VARYING FORM OF TITLE |
| Title proper/short title |
Best of Teacher's helper magazine literature |
| 260 ## - PUBLICATION, DISTRIBUTION, ETC. (IMPRINT) |
| Place of publication |
Greensboro, N.C. : |
| Name of publisher |
The Education Center, |
| Year of publication |
c1998-1999. |
| 300 ## - PHYSICAL DESCRIPTION |
| Number of Pages |
4 v. : |
| Other physical details |
ill. ; |
| Dimensions |
28 cm. |
| 500 ## - GENERAL NOTE |
| General note |
At head of title: The best of Teacher's helper magazine. |
| 520 ## - SUMMARY, ETC. |
| Summary, etc |
A collection of reproducible units from Teacher's Helper magazine designed to introduce learners to great literature and strengthen literacy skills. Literature-based skills for kindergarten, grade 1, grades 2-3, and grades 4-5. |
| 650 #0 - SUBJECT ADDED ENTRY--TOPICAL TERM |
| Topical Term |
Literature |
| 650 #0 - SUBJECT ADDED ENTRY--TOPICAL TERM |
| Topical Term |
Literature |
| 650 #0 - SUBJECT ADDED ENTRY--TOPICAL TERM |
| Topical Term |
Literature |
| 650 #0 - SUBJECT ADDED ENTRY--TOPICAL TERM |
| Topical Term |
Education, Preschool |
| 650 #0 - SUBJECT ADDED ENTRY--TOPICAL TERM |
| Topical Term |
Teaching |
| 700 1# - ADDED ENTRY--PERSONAL NAME |
| Personal name |
Griswell, Kim T. |
| 700 1# - ADDED ENTRY--PERSONAL NAME |
| Personal name |
Bennett, Jennifer Tipton. |
| 710 2# - ADDED ENTRY--CORPORATE NAME |
| Corporate name or jurisdiction name as entry element |
Teacher's helper. |
| 710 2# - ADDED ENTRY--CORPORATE NAME |
| Corporate name or jurisdiction name as entry element |
Education Center (Greensboro, N.C.) |
| 942 ## - ADDED ENTRY ELEMENTS (KOHA) |
| Koha item type |
សៀវភៅភាសាអង់គ្លេស |
| 952 ## - LOCATION AND ITEM INFORMATION (KOHA) |
| Withdrawn status [LOCAL, KOHA] |
0 |